中国の都市 GDPランキング - Statistics

General Stats
  • This quiz has been taken 419 times
  • The average score is 14 of 30
Answer Stats
順位 GDP(単位:億元) 都市名 所在地 % Correct
2 40270 北京市 直轄市
100%
1 43215 上海市 直轄市
98%
5 27894 重慶市 直轄市
83%
4 28232 広州市 広東省
82%
3 30665 深圳市 広東省
77%
10 16355 南京市 江蘇省
77%
11 15695 天津市 直轄市
77%
9 17717 武漢市 湖北省
74%
7 19917 成都市 四川省
64%
8 18109 杭州市 浙江省
64%
13 14136.46 青島市 山東省
64%
29 7826 大連市 遼寧省
63%
24 10688.28 西安市 陝西省
58%
20 11324.48 福州市 福建省
49%
6 22718 蘇州市 江蘇省
48%
12 14594.9 寧波市 浙江省
37%
15 13270.7 長沙市 湖南省
30%
18 11432.22 済南市 山東省
27%
23 10855.35 東莞市 広東省
23%
16 12691.02 鄭州市 河南省
22%
17 12156.54 仏山市 広東省
22%
19 11412.8 合肥市 安徽省
21%
30 7585 温州市 浙江省
21%
14 14003.24 無錫市 江蘇省
20%
21 11304.17 泉州市 福建省
20%
26 8711.75 煙台市 山東省
17%
22 11026.9 南通市 江蘇省
14%
25 8807.6 常州市 江蘇省
13%
27 8230.6 唐山市 河北省
13%
28 8117.44 徐州市 江蘇省
11%
No matching quizzes found
Score Distribution
Percent of People with Each Score
Percentile by Number Answered
Your Score History
You have not taken this quiz